| 000 | 03181cam a2200409Ia 4500 | ||
|---|---|---|---|
| 001 | 00012425 | ||
| 003 | WSP | ||
| 005 | 20260416153409.0 | ||
| 006 | m o d | ||
| 007 | cr cnu---unuuu | ||
| 008 | 220505s2022 si ob 001 0 eng d | ||
| 040 |
_aWSPC _beng _cWSPC |
||
| 020 |
_a9789811242472 _q(ebook) |
||
| 020 |
_a981124247X _q(ebook) |
||
| 020 |
_z9789811242465 _q(hbk.) |
||
| 020 |
_z9811242461 _q(hbk.) |
||
| 050 | 4 |
_aQH447 _b.W35 2022 |
|
| 072 | 7 |
_aSCI _x029000 _2bisacsh |
|
| 072 | 7 |
_aSCI _x102000 _2bisacsh |
|
| 072 | 7 |
_aSCI _x010000 _2bisacsh |
|
| 082 | 0 | 4 |
_a572.8/629 _223 |
| 049 | _aMAIN | ||
| 100 | 1 |
_aWang, Zhong _c(Computational biologist) |
|
| 245 | 1 | 0 |
_aIntroduction to computational metagenomics / _cZhong Wang. |
| 260 |
_aSingapore : _bWorld Scientific Publishing, _c[2022] |
||
| 300 | _a1 online resource (212 p.). | ||
| 504 | _aIncludes bibliographical references and index. | ||
| 505 | 0 | _aComputational metagenomics : a metagenomics perspective -- Computational metagenomics : a data engineering perspective -- Computational metagenomics : an algorithmic perspective -- Hardware and software aspects for scalable analysis -- Metagenomics data quality improvement -- Exploring community diversity : taxonomic analyses -- Functional metagenomics : gene and pathway-based analyses -- Deconvolute community metagenome into single genomes -- Single cell metagenomics -- Interactions between microbes and their environment. | |
| 520 |
_a"Breakthroughs in high-throughput genome sequencing and high-performance computing technologies have empowered scientists to decode many genomes including our own. Now they have a bigger ambition: to fully understand the vast diversity of microbial communities within us and around us, and to exploit their potential for the improvement of our health and environment. In this new field called metagenomics, microbial genomes are sequenced directly from the habitats without lab cultivation. Computational metagenomics, however, faces both a data challenge that deals with tens of tera-bases of sequences and an algorithmic one that deals with the complexity of thousands of species and their interactions. This interdisciplinary book is essential reading for those who are interested in beginning their own journey in computational metagenomics. It is a prism to look through various intricate computational metagenomics problems and unravel their three distinctive aspects: metagenomics, data engineering, and algorithms. Graduate students and advanced undergraduates from genomics science or computer science fields will find that the concepts explained in this book can serve as stepping stones for more advanced topics, while metagenomics practitioners and researchers from similar disciplines may use it to broaden their knowledge or identify new research targets"-- _cProvided by publisher. |
||
| 538 | _aMode of access: World Wide Web. | ||
| 538 | _aSystem requirements: Adobe Acrobat reader. | ||
| 650 | 0 | _aMetagenomics. | |
| 650 | 0 | _aComputational biology. | |
| 655 | 0 | _aElectronic books. | |
| 856 | 4 | 0 | _uhttps://www.worldscientific.com/worldscibooks/10.1142/12425#t=toc |
| 942 | _cE-BOOK | ||
| 999 |
_c49741 _d49741 |
||